World's Most Valuable Companies - Statistics

General Stats
  • This quiz has been taken 79,827 times
    24,095 since last reset
  • The average score is 10 of 30
Answer Stats
$ Value Loc. Sector Company % Correct
3690 bil Tech Apple
94%
3321 bil Tech Microsoft
81%
1447 bil Auto Tesla
80%
693 bil Tech Samsung
79%
2495 bil Tech Amazon
72%
3997 bil Tech Google
72%
1606 bil Tech Meta
61%
944 bil Retail Wal-Mart
60%
4504 bil Tech NVIDIA
58%
628 bil Payments Visa
40%
832 bil Banking JPMorgan Chase
36%
476 bil Payments Mastercard
36%
1627 bil Energy Saudi Aramco
30%
384 bil Banking Bank of America
24%
427 bil Tech Alibaba
21%
565 bil Energy ExxonMobil
21%
530 bil Consumer Johnson & Johnson
21%
1728 bil Tech TSMC
19%
1039 bil Conglomerate Berkshire Hathaway
17%
512 bil Tech Oracle
16%
432 bil Retail Costco
15%
978 bil Pharma Eli Lilly
14%
411 bil Tech AMD
12%
538 bil Tech ASML
11%
695 bil Tech Tencent
11%
397 bil Tech Palantir
7%
1565 bil Tech Broadcom
6%
382 bil Retail Home Depot
6%
437 bil Tech Micron
4%
386 bil Pharma AbbVie
3%
No matching quizzes found
Score Distribution
Percent of People with Each Score
Percentile by Number Answered
Your Score History
You have not taken this quiz since the last reset